How to write correct English / (Record no. 583)

MARC details
000 -LEADER
fixed length control field 00548nam a22002057a 4500
005 - DATE AND TIME OF LATEST TRANSACTION
control field 20250420134817.0
008 - FIXED-LENGTH DATA ELEMENTS--GENERAL INFORMATION
fixed length control field 200810b ||||| |||| 00| 0 eng d
020 ## - INTERNATIONAL STANDARD BOOK NUMBER
International Standard Book Number 9789386845726
040 ## - CATALOGING SOURCE
Transcribing agency KCST
082 ## - DEWEY DECIMAL CLASSIFICATION NUMBER
Classification number 808.042
Item number Bh Ho
100 ## - MAIN ENTRY--PERSONAL NAME
Personal name Bhatia, H.S.
9 (RLIN) 4983
245 ## - TITLE STATEMENT
Title How to write correct English /
250 ## - EDITION STATEMENT
Edition statement 21st edition.
260 ## - PUBLICATION, DISTRIBUTION, ETC.
Place of publication, distribution, etc. New Delhi:
Name of publisher, distributor, etc. Ramesh publishing house,
Date of publication, distribution, etc. [not identified]
300 ## - PHYSICAL DESCRIPTION
Extent 336 p.
650 ## - SUBJECT ADDED ENTRY--TOPICAL TERM
Topical term or geographic name entry element English language
9 (RLIN) 2090
650 ## - SUBJECT ADDED ENTRY--TOPICAL TERM
Topical term or geographic name entry element Composition and exercises.
9 (RLIN) 4984
942 ## - ADDED ENTRY ELEMENTS (KOHA)
Koha item type Book
942 ## - ADDED ENTRY ELEMENTS (KOHA)
Source of classification or shelving scheme Dewey Decimal Classification
Holdings
Withdrawn status Lost status Source of classification or shelving scheme Damaged status Not for loan Home library Current library Date acquired Source of acquisition Cost, normal purchase price Total checkouts Full call number Barcode Date last seen Price effective from Koha item type
    Dewey Decimal Classification     KCST Library KCST Library 10/08/2020 Unknown 0.00   808.042 Bh Ho 1000000633 10/08/2020 10/08/2020 Book
© 2025 KCST. All rights reserved